000 00491nam a2200181Ia 4500
001 1891
005 20260306143802.0
008 260306t2015||||xx |||||||||||||| ||spa||
041 _aESP
082 _a158.1
_bC269
100 _aCovey, Sean
_eAUT
245 0 _aLos 7 hábitos de los adolescentes altamente efectivos:
_bla mejor guía práctica para el éxito juvenil
260 _c2015
300 _a268 páginas :
_c19 cm.
650 _aGEN
654 _aCPS
942 _cLIB
_dJUS
_fJUS
_2ddc
_n
999 _c1891
_d1891